<?xml version="1.0" encoding="UTF-8"?>
<record
    xmlns:xsi="http://www.w3.org/2001/XMLSchema-instance"
    xsi:schemaLocation="http://www.loc.gov/MARC21/slim http://www.loc.gov/standards/marcxml/schema/MARC21slim.xsd"
    xmlns="http://www.loc.gov/MARC21/slim">

  <leader>03113nam a2200241Ia 4500</leader>
  <controlfield tag="008">120625s1999    mx            001 0 spa d</controlfield>
  <datafield tag="020" ind1=" " ind2=" ">
    <subfield code="a">9701702565</subfield>
  </datafield>
  <datafield tag="050" ind1=" " ind2="4">
    <subfield code="a">QA76.9D3 </subfield>
    <subfield code="b">U5418</subfield>
  </datafield>
  <datafield tag="100" ind1="1" ind2=" ">
    <subfield code="a">Ullman, Jeffrey D., </subfield>
    <subfield code="d">1942-</subfield>
    <subfield code="e">, autor.</subfield>
    <subfield code="9">6970</subfield>
  </datafield>
  <datafield tag="240" ind1="1" ind2="2">
    <subfield code="a">A first course in database systems.</subfield>
    <subfield code="l">Espa&#xF1;ol.</subfield>
  </datafield>
  <datafield tag="245" ind1="1" ind2="0">
    <subfield code="a">Introducci&#xF3;n a los sistemas de bases de datos </subfield>
    <subfield code="c">/ Jeffrey D. Ullman y Jennifer Widom ; traducci&#xF3;n:  Efren Alatorrre Miguel</subfield>
  </datafield>
  <datafield tag="260" ind1="3" ind2=" ">
    <subfield code="a">M&#xE9;xico</subfield>
    <subfield code="b">: Prentice Hall Hispanoamericana</subfield>
    <subfield code="c">, 1999.</subfield>
  </datafield>
  <datafield tag="300" ind1=" " ind2=" ">
    <subfield code="a">470 p&#xE1;ginas.</subfield>
  </datafield>
  <datafield tag="337" ind1=" " ind2=" ">
    <subfield code="a">Texto</subfield>
  </datafield>
  <datafield tag="338" ind1=" " ind2=" ">
    <subfield code="a">Sin medio </subfield>
  </datafield>
  <datafield tag="339" ind1=" " ind2=" ">
    <subfield code="a">Volumen</subfield>
  </datafield>
  <datafield tag="500" ind1=" " ind2=" ">
    <subfield code="a">Coedicion con: Pearson Educacion y Addison Wesley 
Traduccion de: A first course in database systems   
Incluye &#xED;ndice (pp. 463-470)</subfield>
  </datafield>
  <datafield tag="505" ind1="1" ind2=" ">
    <subfield code="a">1. Los mundos de los sistemas de bases de datos
La evoluci&#xF3;n de los sistemas
La arquitectura de un sistema de administraci&#xF3;n
El futuro de lossistemas de bases de datos
Organizaci&#xF3;n del libro

2. El dise&#xF1;o de modelos de bases de datos
Introducci&#xF3;n al lenguaje ODL
Diagramas de entidad-relaci&#xF3;n
Principios del dise&#xF1;o
Subclases
Modelaci&#xF3;n de restricciones
Conjuntos entidad debiles
Modelos de inter&#xE9;s hist&#xF3;rico

3. El modelo relacional de datos
Principios b&#xE1;sicos del modelo relacional
De los dise&#xF1;os del lenguaje ODL a los dise&#xF1;os relacionales
De los diagramas E/R a los dise&#xF1;os relacionales
Conversi&#xF3;n de las estructuras de subclses en las relaciones 
Dependencias funcionales
Reglas sobre dependencias funcionales
Dise&#xF1;o de los esquemas relacionales de bases de datos 
Dependencias multivaluadas
Un ejemplo de un esquema de base de datos

4. Operaciones en el modelo relacional
Un &#xE1;lgebra de operaciones relacionales
Una l&#xF3;gica de relaciones
De &#xE1;lgebra relacional a datalog
Programaci&#xF3;n  recursiva de datalog
Restricciones de las relaciones
Operaciones relacionales en bolsas
Otras extenciones al modelo relacional

5. El lenguaje de base de datos SQL
Consultas simples de SQL
Consultas que incluyen m&#xE1;s de una relaci&#xF3;n
Subconsultas
Duplicados
Agregaciones
Modificaciones de la base de datos
Definicip&#xF3;n de un esquema relacional en SQL
Definiciones de vistas 
Valores nulos y reuniones externas
Recursi&#xF3;n en el lenguaje SQL3

6. Restricciones y disparadores en SQL
LLaves en SQL
Integridad referencial y llaves exteriores
Restricciones de los valores de atributos
Restricciones globales
Disparadores en SQL3

7. Aspectos sist&#xE9;micos del lenguaje SQL
El lenguaje SQL en un ambiente de programaci&#xF3;n
Transacciones en el lenguaje SQL
El ambiente del lenguaje SQL
La seguridad y autorizaci&#xF3;n de los usuarios en los lenguajes de SQL2

8. Lenguajes de consulta orientada a objetos
Caracteristicas de ODL relacionadas con las consultas
Introducci&#xF3;n a OQL
Otras formas de expresiones de OQL
Asignaci&#xF3;n y creaci&#xF3;n de los objetos en OQL
Objetos tupla en SQL3
Tipos abstractos de datos en SQL3 Una comparaci&#xF3;n entre los enfoques de ODL/OQL y los SQL
</subfield>
  </datafield>
  <datafield tag="650" ind1="1" ind2="4">
    <subfield code="a">ADMINISTRACI&#xD3;N DE BASE DE DATOS</subfield>
    <subfield code="9">6859</subfield>
  </datafield>
  <datafield tag="700" ind1=" " ind2=" ">
    <subfield code="a">Widom, Jennifer</subfield>
    <subfield code="e">autor</subfield>
    <subfield code="9">6971</subfield>
  </datafield>
  <datafield tag="700" ind1=" " ind2=" ">
    <subfield code="a">Alatorre Miguel, Efr&#xE9;n</subfield>
    <subfield code="e">traductor</subfield>
    <subfield code="9">6972</subfield>
  </datafield>
  <datafield tag="942" ind1=" " ind2=" ">
    <subfield code="c">LB</subfield>
  </datafield>
  <datafield tag="952" ind1=" " ind2=" ">
    <subfield code="0">0</subfield>
    <subfield code="1">0</subfield>
    <subfield code="4">0</subfield>
    <subfield code="7">0</subfield>
    <subfield code="a">04</subfield>
    <subfield code="b">04</subfield>
    <subfield code="d">2007-02-20</subfield>
    <subfield code="l">0</subfield>
    <subfield code="o">QA76.9D3 U5418</subfield>
    <subfield code="p">04 000101</subfield>
    <subfield code="r">2013-05-22</subfield>
    <subfield code="t">1</subfield>
    <subfield code="w">2012-06-24</subfield>
    <subfield code="y">LB</subfield>
  </datafield>
  <datafield tag="952" ind1=" " ind2=" ">
    <subfield code="0">0</subfield>
    <subfield code="1">0</subfield>
    <subfield code="4">0</subfield>
    <subfield code="7">0</subfield>
    <subfield code="a">04</subfield>
    <subfield code="b">04</subfield>
    <subfield code="d">2007-02-20</subfield>
    <subfield code="l">0</subfield>
    <subfield code="o">QA76.9D3 U5418</subfield>
    <subfield code="p">04 000102</subfield>
    <subfield code="r">2013-05-22</subfield>
    <subfield code="t">2</subfield>
    <subfield code="w">2012-06-24</subfield>
    <subfield code="y">LB</subfield>
  </datafield>
  <datafield tag="952" ind1=" " ind2=" ">
    <subfield code="0">0</subfield>
    <subfield code="1">0</subfield>
    <subfield code="4">0</subfield>
    <subfield code="7">0</subfield>
    <subfield code="a">04</subfield>
    <subfield code="b">04</subfield>
    <subfield code="d">2008-04-10</subfield>
    <subfield code="l">1</subfield>
    <subfield code="o">QA76.9D3 U5418</subfield>
    <subfield code="p">04 000103</subfield>
    <subfield code="r">2014-09-24</subfield>
    <subfield code="s">2014-09-24</subfield>
    <subfield code="t">3</subfield>
    <subfield code="w">2012-06-24</subfield>
    <subfield code="y">LB</subfield>
  </datafield>
  <datafield tag="952" ind1=" " ind2=" ">
    <subfield code="0">0</subfield>
    <subfield code="1">0</subfield>
    <subfield code="2">lcc</subfield>
    <subfield code="4">0</subfield>
    <subfield code="7">0</subfield>
    <subfield code="a">22</subfield>
    <subfield code="b">22</subfield>
    <subfield code="d">2015-04-13</subfield>
    <subfield code="l">1</subfield>
    <subfield code="o">QA76.9D3 U5418</subfield>
    <subfield code="p">11 011508</subfield>
    <subfield code="r">2023-07-13</subfield>
    <subfield code="s">2016-01-21</subfield>
    <subfield code="t">1</subfield>
    <subfield code="w">2015-04-13</subfield>
    <subfield code="y">LB</subfield>
  </datafield>
  <datafield tag="952" ind1=" " ind2=" ">
    <subfield code="0">0</subfield>
    <subfield code="1">0</subfield>
    <subfield code="2">lcc</subfield>
    <subfield code="4">0</subfield>
    <subfield code="7">0</subfield>
    <subfield code="a">04</subfield>
    <subfield code="b">04</subfield>
    <subfield code="d">2015-12-01</subfield>
    <subfield code="l">0</subfield>
    <subfield code="o">QA76.9D3 U5418</subfield>
    <subfield code="p">05 000678</subfield>
    <subfield code="r">2023-02-10</subfield>
    <subfield code="t">1</subfield>
    <subfield code="w">2015-12-01</subfield>
    <subfield code="y">LB</subfield>
  </datafield>
  <datafield tag="999" ind1=" " ind2=" ">
    <subfield code="c">61535</subfield>
    <subfield code="d">61535</subfield>
  </datafield>
</record>
